Przyporządkuj miasto do województwa - Statystyki

Ogólne statystyki
  • Ten quiz został rozwiązany 9 351 razy
  • Średni wynik to 24 z 50
Statystyki odpowiedzi
Hint Odpowiedź % Poprawnych
Opole Opolskie
71%
Poznań Wielkopolskie
70%
Sopot Pomorskie
69%
Hel Pomorskie
68%
Białystok Podlaskie
67%
Rzeszów Podkarpackie
66%
Kielce Świętokrzyskie
66%
Toruń Kujawsko-Pomorskie
65%
Świnoujście Zachodniopomorskie
64%
Sosnowiec Śląskie
63%
Chorzów Śląskie
63%
Zielona Góra Lubuskie
61%
Legnica Dolnośląskie
55%
Bielsk Podlaski Podlaskie
54%
Bielsko-Biała Śląskie
54%
Oświęcim Małopolskie
53%
Siedlce Mazowieckie
52%
Koszalin Zachodniopomorskie
52%
Ełk Warmińsko-Mazurskie
51%
Elbląg Warmińsko-Mazurskie
51%
Kalisz Wielkopolskie
51%
Piła Wielkopolskie
50%
Sandomierz Świętokrzyskie
49%
Giżycko Warmińsko-Mazurskie
49%
Grudziądz Kujawsko-Pomorskie
48%
Tarnów Małopolskie
48%
Ciechanów Mazowieckie
46%
Zawiercie Śląskie
44%
Mielec Podkarpackie
43%
Malbork Pomorskie
43%
Kostrzyn nad Odrą Lubuskie
41%
Garwolin Mazowieckie
41%
Konstancin-Jeziorna Mazowieckie
40%
Łomża Podlaskie
40%
Racibórz Śląskie
40%
Lubin Dolnośląskie
39%
Skierniewice Łódzkie
38%
Kędzierzyn-Koźle Opolskie
38%
Łańcut Podkarpackie
36%
Puławy Lubelskie
35%
Biała Podlaska Lubelskie
33%
Wieluń Łódzkie
32%
Chojnice Pomorskie
32%
Biłgoraj Lubelskie
31%
Nakło nad Notecią Kujawsko-Pomorskie
30%
Brzeg Opolskie
28%
Łęczyca Łódzkie
25%
Andrychów Małopolskie
25%
Żary Lubuskie
24%
Rawa Mazowiecka Łódzkie
21%
Nie znaleziono quizów pasujących do podanych kryteriów
Rozkład punktacji
Procent ludzi z każdym wynikiem
Percentyl według liczby udzielonych odpowiedzi
Twoja historia wyników
Nie rozwiązałeś tego quizu